000 00212nam a22000857a 4500
008 160711b xxu||||| |||| 00| 0 eng d
100 _92548
_a Ram, M.D
245 _aSurgery
260 _aNew Delhi
_bJaypee Brothers
_c1990
999 _c2214
_d2214